The Muffs: Albums by Cover - Statistics

General Stats
  • This quiz has been taken 4 times
  • The average score is 4 of 7
Answer Stats
Picture Hint Answer % Correct
1993 The Muffs
100%
1995 Blonder and Blonder
67%
1997 Happy Birthday to Me
67%
1999 Alert Today, Alive Tomorrow
33%
2019 No Holiday
33%
2004 Really Really Happy
33%
2014 Whoop Dee Doo
33%
No matching quizzes found
Score Distribution
Percent of People with Each Score
Percentile by Number Answered
Your Score History
You have not taken this quiz